00321nam a2200133Ia 4500008004100000041000800041082001600049100003000065245002100095260002300116300003000139365001200169440000600181240624s9999 xx 000 0 und d aeng a658.827 DAL aRILEY FRANCESCA DALL OLMO aBRAND MANAGEMENT c2010aLondonbSage avi, : 491 : p. : cm. ; 24 cGBPb38 v2